| 000 | 00337 a2200145 4500 | ||
|---|---|---|---|
| 003 | Nust | ||
| 005 | 20170207164425.0 | ||
| 040 | _cNust | ||
| 082 | _a005.1 | ||
| 100 | _aKleinberg, Jon. | ||
| 245 |
_aAlgorithm design (E BOOK) _cJon Kleinberg, l~va Tardos |
||
| 260 |
_aBoston _bPearson Education, _c2006 |
||
| 300 | _a432p | ||
| 500 | _a(E BOOK) | ||
| 942 |
_2ddc _cBK |
||
| 999 |
_c208946 _d208946 |
||